=LDR 00000nam 2200000 4500 =001 INLIS000000000003200 =005 20250221025732 =035 ##$$a 0010-0225000490 =007 ta =008 250221###########################0#ind## =082 ##$$a 363.9 =084 ##$$a 363.9 BAD p =245 1#$$a Profil Institusi Masyarakat Pedesaan/Perkotaan /$c Badan Kependudukan dan Keluarga Berencana Nasional =260 ##$$a Jakarta :$b Badan Kependudukan dan Keluarga Berencana Nasional,$c 2019 =300 ##$$a iv; 124 hlm. : $b ilus. ; $c 29,7 cm. =650 #4$$a IMP =650 #4$$a Kependudukan =110 2#$$a Badan Kependudukan dan Keluarga Berencana Nasional